000
00321nam a2200133Ia 4500
008
210210b1981 xxu||||| |||| 00| 0 eng d
082
_a
340.0954 TANH
100
_a
TANDON (Gauri Shanker).
245
_a
Hindu law.
260
_a
Lucknow.
_b
Prakashan Kendra.,
_c
1981
300
_a
183
690
_a
Law
906
_a
SG01937
999
_c
113468
_d
113468